Statistiques concernant Frontières de l'Ouzbékistan

Cliquez ici pour prendre le quiz!

Statistiques générales

  • Ce quiz a été pris 66 fois
  • Le résultat moyen est 5 sur 5

Statistiques - réponses

Pays% Correct
Kazakhstan
100%
Turkménistan
98%
Kirghizistan
94%
Tadjikistan
94%
Afghanistan
88%

Distribution des résultats

Percentile par nombre de réponses

% des personnes avec chaque résultat

Votre développement - résultats

Vous n’avez pas pris ce quiz